Se' ttö bribri ie: hablemos en bribri (Registro nro. 3533)
[ vista simple ]
| 000 -Cabecera | |
|---|---|
| Campo de control de longitud fija | 00788aam a2200313 4500 |
| 005 - Fecha y hora de la última transacción | |
| Campo de control | 20251024191806.0 |
| 008 - Elementos de longitud fija--Información general | |
| Campo de control de longitud fija | 150302b2013 xxu||||| |||| 00| 0 ES d |
| 020 ## - International Standard Book Number | |
| Número Internacional Estándar del Libro (ISBN) | 9789930949047 |
| 041 ## - Idioma | |
| Código de idioma | Español |
| 041 ## - Idioma | |
| Código de idioma | Bribri |
| 082 ## - Clasificación Decimal Dewey | |
| Número de clasificación | 497.9 J37s |
| 100 ## - Entrada principal--Autor personal | |
| Nombre personal | Jara Murillo, Carla |
| 9 (RLIN) | 26776 |
| 100 ## - Entrada principal--Autor personal | |
| Nombre personal | García Segura, Alí |
| 9 (RLIN) | 82936 |
| 245 ## - Título propiamente dicho | |
| Título | Se' ttö bribri ie: hablemos en bribri |
| 260 ## - Pie de imprenta | |
| Lugar de publicación, distribución, etc. | Costa Rica |
| 260 ## - Pie de imprenta | |
| Nombre del editor, distribuidor, etc. | E-Digital ED |
| 260 ## - Pie de imprenta | |
| Fecha de publicación, distribución, etc. | 2013 |
| 300 ## - Descripción física | |
| Extensión | 192 páginas |
| 300 ## - Descripción física | |
| Extensión | PDF 192 páginas |
| 490 ## - Serie | |
| Título de la Serie | Turismo |
| 505 ## - Nota de contenido | |
| Nota de contenido | Contiene disco compacto N° 196 |
| 650 ## - Materia general | |
| Temática (materia general) | COSTA RICA |
| 650 ## - Materia general | |
| Temática (materia general) | IDENTIDAD CULTURAL |
| 650 ## - Materia general | |
| Temática (materia general) | BRIBRI |
| 650 ## - Materia general | |
| Temática (materia general) | INDIGENAS DE COSTA RICA |
| 650 ## - Materia general | |
| Temática (materia general) | CULTURAS INDIGENAS |
| 942 ## - Punto de acceso adicional KOHA | |
| Tipo de ítem KOHA | Libro |
| Fuente del sistema de clasificación o colocación | Dewey Decimal Classification |
| Signatura completa | Código de barras | Programa Académico | Tipo de ítem |
|---|---|---|---|
| 497.9 J37s | 18364 | Turismo | Libro |
| 497.9 J37s | 196DC | Turismo | Disco Compacto |